00281nam a2200109Ia 4500008004100000020001800041082001400059100001600073245005200089260001500141500001500156260604s9999 xx 000 0 und d a9781398622944 a158.1 BRA aBRANN [AMY] 0aMAKE YOUR BRAIN WORK: PERFORM AT A HIGHER LEVEL bKOGAN PAGE aPsychology